000 00734nam a2200229Ii 4500
003 JO-AjNU
008 230605s9999||||xx |||||||||||||| ||und||
017 _a2004/4/961
020 _a9957-11-447-6
040 _aJO-AjNU
_bara
_erda
_cJO-AjNU
041 _aara
050 1 4 _aTX911.3 2004
100 3 _aكنة، علاء يوسف ,
_eauthor
_951005
245 0 0 _aالموارد البشرية في المطاعم
250 _aط1
264 3 1 _aعمان:دار وائل للنشر والتوزيع، 2004
300 _a198ص
336 _atext
_btxt
_2rdacontent
337 _aunmediated
_bn
_2rdamedia
338 _avolume
_bnc
_2rdacarrier
650 4 _aالمطاعم-الخدمات الغذائية -الادارة
_951006
999 _aA22503
_c26071
_d26071